01646nam a22001697a 450000500170000000800410001702000180005804000070007604100080008308200160009110000180010724500350012526000610016030000250022136500960024652011340034220260323153055.0260323b |||||||| |||| 00| 0 eng d a9789354661099 cAL aeng a621.3bKAND aNagoor Kani A aDesign of electrical apparatus aNew DelhibCBS Publishers and Distributors Pvt Ltdc2022 axv,376pbPBc24x17cm 2Electronics Communication EngineeringaVBI-2645b₹318.75c₹d₹425.00e25%f20-02-2026 aa popular textbook for Electrical and Electronics Engineering (EEE) students, especially in Indian universities, providing a detailed, step-by-step approach to designing electrical machines. The book emphasizes practical design steps, including electromagnetic theory, material selection, and optimization for efficiency and performance, often using simple examples and computer-aided design approaches. Key Focus Areas of the Text: Design Steps: Covers foundational concepts, including specific electrical and magnetic loadings, output equations, and separation of machine dimensions (D and L). Machine Components: Details the design of stator cores, windings, rotor design (squirrel cage/permanent magnet), slot geometry, and cooling systems. Material Selection: Discusses properties of conductive, magnetic, and insulating materials, including copper, aluminum, and steel. Performance Evaluation: Focuses on calculating losses, efficiency, temperature rise, and torque-speed characteristics. Scope: Specifically structured for the curriculum of universities like Anna University, covering both theory and practical examples.